Normal view
MARC view
- Al-Masarwah, Anas
Entry Personal Name
001 - CONTROL NUMBER
- control field: 66544
003 - CONTROL NUMBER IDENTIFIER
- control field: JO-AjAnu
005 - DATE AND TIME OF LATEST TRANSACTION
- control field: 20250319091049.0
008 - FIXED-LENGTH DATA ELEMENTS
- fixed length control field: 250319|| aca||aabn | a|a d
040 ## - CATALOGING SOURCE
- Original cataloging agency: JO-AjAnu
100 ## - HEADING--PERSONAL NAME
- Personal name: Al-Masarwah, Anas
- Relator term: Supervisor